00666nam a2200169 a 450000100100000000500170001000800410002704000250006808200150009310000310010824500490013926000380018830000210022695201130024795201190036099900170047900002411920200930022732.0110119s1964 dr 000 0 spa d aDO-SdBNPbspacBNPHU axxxbP123c1 aPadilla B., Juan E.94953313aEl cuaderno número 4 /cJuan E. Padilla B. aSanto Domingo :bMontalvo,c1964. a142 p. ;c17 cm. 0010718PDaPDbPDcCTd2011-01-19iLF1l0oxxx P123cp24119-10r2020-06-25w2020-06-25yLFPDZNo se presta 0010718PDaPDbPDcCTd2011-04-18iLF1l0oxxx P123cp24119-20r2020-06-25te. 2w2020-06-25yLFPDZNo se presta c23613d23613